Figures for a corner : Junyer 1949 Junyer 1949
Descripción Física:
targeta : il·lustració en blanc i negre ; 14 x 9 cm
Idioma:
Catalán , English
MARC
| LEADER | 00000nkm a22000004i 4500 | ||
|---|---|---|---|
| 001 | 29195 | ||
| 003 | AGDB | ||
| 005 | 20260324181542.0 | ||
| 008 | 251224b spa||||| |||| 00| 0 cat d | ||
| 040 | |a agdb |b cat | ||
| 041 | |a eng | ||
| 100 | |a Junyer, Joan, |d 1904-1994 |9 53028 | ||
| 245 | |a Figures for a corner : |b Junyer 1949 |h (postal) | ||
| 260 | |a New York : |b Crown Press, |c [s.a.] | ||
| 300 | |a targeta : |b il·lustració en blanc i negre ; |c 14 x 9 cm | ||
| 380 | |a Targeta postal | ||
| 500 | |a Prové del fons Joan Junyer i Pascual (1909-1994) | ||
| 500 | |a Reproducció d'una obra de Joan Junyer de 1948 | ||
| 500 | |a 2 exemplars idèntics | ||
| 650 | |a Fons Joan Junyer i Pascual (1909-1994) |9 72777 | ||
| 655 | 0 | |a Targetes postals |9 52685 | |
| 710 | |a Museum of Modern Art (Nova York, Nova York, Estats Units d'Amèrica) |e entitat editora |9 72606 | ||
| 942 | |2 udc |c ARXIU |n 1 | ||
| 952 | |0 0 |1 0 |2 udc |4 0 |6 F504287 |7 1 |9 98876 |a Arxiu |b Arxiu |d 2025-12-24 |l 0 |o F-504-287 |p 29195 |r 2025-12-24 12:15:45 |w 2025-12-24 |y ARXIU |z 2 exemplars idèntics | ||
| 999 | |c 130544 |d 130544 | ||